Estados contables de sociedades por acciones (Registro nro. 1461)

Detalles MARC
000 -LEADER
fixed length control field 01111 a2200217 4500
001 - CONTROL NUMBER
control field 26412
005 - DATE AND TIME OF LATEST TRANSACTION
control field 20260407155544.0
008 - FIXED-LENGTH DATA ELEMENTS--GENERAL INFORMATION
fixed length control field 260407a1984 arg spa d
003 - CONTROL NUMBER IDENTIFIER
control field AR-UNSa-BCEJYS
040 ## - CATALOGING SOURCE
Original cataloging agency AR-UNSa-BCEJYS
Language of cataloging spa
Transcribing agency AR-UNSa-BCEJYS
080 ## - UNIVERSAL DECIMAL CLASSIFICATION NUMBER
Universal Decimal Classification number 657.3
Common auxiliary subdivision Presupuestos. Cierre de Cuentas. Balances (Estados Contables)
100 1# - MAIN ENTRY--PERSONAL NAME
Personal name Fowler Newton, Enrique
245 10 - TITLE STATEMENT
Title Estados contables de sociedades por acciones
250 ## - EDITION STATEMENT
Edition statement 6a. ed
264 #1 - PRODUCTION, PUBLICATION, DISTRIBUTION, MANUFACTURE, AND COPYRIGHT NOTICE
Place of production, publication, distribution, manufacture Buenos Aires :
Name of producer, publisher, distributor, manufacturer Ediciones Contabilidad Moderna
Date of production, publication, distribution, manufacture, or copyright notice 1984
300 ## - PHYSICAL DESCRIPTION
Extent 242 p.
Dimensions 22 cm.
505 ## - FORMATTED CONTENTS NOTE
Formatted contents note 1. Los estados contables - 2. Normas contables profesionales - 3. Normas contables legales e institucionales - 4. El balance general - 5. El estado de resultado - 6. Los estados de resultados acumulados y de evolución del patrimonio neto - 7. El estado de origen y aplicación de fondos - 8. Notas y anexos - 9. Información para la bolsa de comercio de Buenos Aires - 10. Ejemplo de aplicación - Apéndice normas contables profesionales y legales.
590 ## - LOCAL NOTE (RLIN)
Local note niveau_biblio:m niveau_hierar:0
700 1# - ADDED ENTRY--PERSONAL NAME
Personal name Fortini, Hernando L.
942 ## - ADDED ENTRY ELEMENTS (KOHA)
Koha item type
Existencias
Withdrawn status Lost status Damaged status Not for loan Home library Current library Shelving location Date acquired Total checkouts Full call number Barcode Date last seen Price effective from Koha item type
        Biblioteca Prof. Eusebio Cleto del Rey Biblioteca Prof. Eusebio Cleto del Rey   07/04/2026   657.3 F741 6ed. L53369 07/04/2026 07/04/2026 Libro
        Biblioteca Prof. Eusebio Cleto del Rey Biblioteca Prof. Eusebio Cleto del Rey   07/04/2026   657.3 F741 6ed. L39135 07/04/2026 07/04/2026 Libro